| 000 | 01759nam a2200265Ia 4500 | ||
|---|---|---|---|
| 003 | Ost | ||
| 005 | 20260507075203.0 | ||
| 008 | 260507s9999||||xx |||||||||||||| ||und|| | ||
| 020 | _a3415125977 | ||
| 040 | _cfsecg | ||
| 041 | _aara | ||
| 082 | _a330 | ||
| 100 |
_aهندي، منيرابراهيم _eمؤلف |
||
| 245 | 0 |
_aالفكر الحديث في التحليل المالي وتقييم الأداء : _bمدخل حوكمة الشركات / _c منيرابراهيم هندي |
|
| 260 |
_aالاسكندرية: _bدار المعرفة, _c2009 |
||
| 300 |
_a489 صفحة؛ _c24 سم |
||
| 490 | _aالفكر الحديث في الادارة المالية | ||
| 504 | _aملاحق ص.479 | ||
| 520 | _aالاطار العام لحوكمة الشركات و هدف الادارة في هذا الاطار ، ثقافة الادارة المالية ، الحوكمة و ثقافة الادارة المالية ، التحليل المالي في اطار الحوكمة ، تحليل المخاطر ، تحليل الربحية ، مشكلات التحليل المالي التقليدي ، التحليل المالي في ظل التضخم ، مشاكل و حلول حسابات النسب ، نماذج التحليل المالي ، مدخل القيمة الاقتصادية المضافة ، التحليل المالي التقليدي من منظور مستقبلي ، التحليل المالي ياستخدام النماذج ــ منظور مستقبلي ، تقدير الربحية المستقبلية و القيمة العادلة للسهم . | ||
| 653 | _aالادارة المالية | ||
| 653 | _aالتحليل المالي | ||
| 653 | _aالشركات | ||
| 653 | _aالقطاع العام | ||
| 942 | _cكتاب | ||
| 999 |
_c43417 _d43417 |
||